Cinéma en images par lettres - G - Statistiques

Statistiques générales
  • Ce quiz a été pris 373 fois
  • Le résultat moyen est 14 sur 24
Statistiques - réponses
Par images Hint Réponse % Correct
Film Gladiator
97%
Personnage Godzilla
90%
Acteur Ryan Gosling
90%
Studio Gaumont
89%
Film La Grande Vadrouille
82%
Composant d'un film Générique
80%
Film Le Grand Bleu
78%
Studio Ghibli
76%
Actrice Charlotte Gainsbourg
73%
Film Get Out
70%
Salle de cinéma célèbre Le Grand Rex
70%
Type de plan Gros plan
68%
Actrice Eva Green
61%
Acteur Jean Gabin
57%
Réalisateur Jean-Luc Godard
50%
Film Gravity
48%
Film La Guerre des Mondes
43%
Personnage Gizmo
41%
Objet Grue
33%
Actrice Ana Girardot
28%
Film Grave
26%
Réalisatrice Greta Gerwig
26%
Acteur Cary Grant
24%
Réalisateur James Gunn
15%
Aucun quiz correspondant
Distribution des résultats
% des personnes avec chaque résultat
Percentile par nombre de réponses
Votre historique - résultats
Vous n’avez pas pris ce quiz